Kongzi xue shuo xin lun /
Saved in:
| Main Author: | |
|---|---|
| Format: | Book |
| Language: | Chinese |
| Published: |
XiangGang :
Dongfang shu ju,
min guo 42 [1953].
|
| Subjects: | |
| Tags: |
Add Tag
No Tags, Be the first to tag this record!
|
| LEADER | 00753cam a2200241 a 4500 | ||
|---|---|---|---|
| 001 | 007724119-3 | ||
| 005 | 20024617103528.0 | ||
| 008 | 860123s1953 hk a 000 0 chir | ||
| 010 | |a c 64000247 | ||
| 035 | 0 | |a ocm13055120 | |
| 040 | |a DLC |c CFS |d CFS |d PPiU |d *YNH* |d CStRLIN | ||
| 050 | 0 | |a B128.C8 |b C467 | |
| 100 | 1 | |6 880-01 |a Chen, Jianfu. | |
| 245 | 1 | 0 | |6 880-02 |a Kongzi xue shuo xin lun / |c Chen Jian fu zhu. |
| 260 | |6 880-03 |a XiangGang : |b Dongfang shu ju, |c min guo 42 [1953]. | ||
| 300 | |a 367 p. : |b ill. ; |c 19 cm. | ||
| 600 | 0 | 0 | |a Confucius. |
| 650 | 0 | |a Confucianism. | |
| 880 | 1 | |6 100-01 |a 陳健夫. | |
| 880 | 1 | 0 | |6 245-02 |a 孔子學說新論 / |c 陳健夫著. |
| 880 | |6 260-03 |a 香港 : |b 東方書局, |c 民國42 [1953] | ||
| 988 | |a 20021127 | ||
| 906 | |0 DLC | ||


